00716 2200169 4500245005000000020002200050250001100072100001700083650001600100005001900116260004200135041001400177084000800191300002200199500031600221336000900537 aLingkar Tanah Lingkar AircAhmad ToharihText a978-602-03-1860-8 aCet. 1 aAhmad Tohari aNovel Fiksi a20231002141040 aJakartabGramedia Pustaka Utamac2015 aIndonesia a813 a168 hlm. :c20 cm aPergolakan perang mempertahankan kemerdekaan RI antara tahun 1946-1950 menyeret banyak pemuda kampung kedalam kancah perjuangan bersenjata. Diantara mereka adalah amid dan kawan-kawan yang berjuang dibawah panji hizbullah. Amid dan kawan-kawan bertempur dan membela kemerdekaan RI sebagai kewajiban iman mereka. atext